000 00660nam a2200241 a 4500
008
020 _a0471965235 (pbk.)
049 _aMAIN
090 _aQC451
100 1 _aHollas, J. Michael
245 1 0 _aModern spectroscopy /
_cJ. Michael Hollas.
250 _a3rd ed.
260 _aChichester :
_bWiley,
_c1998.
300 _axx, 391 p. :
_bill. ;
_c25 cm.
504 _aIncludes bibliographical references.
500 _aIncludes index.
650 0 _aSpectrum analysis.
907 _a.b10006527
_b16-09-05
_c17-04-03
003
005 20230123133604.0
040 _cNUST
942 _cBOOKS
_kQC451
999 _c151215
_d151215